书目信息 |
| 题名: |
风向杜鹃吹来
|
|
| 作者: | ;中华全国总工会宣传部 编 | |
| 分册: | ||
| 出版信息: | 北京 工人出版社 1982 |
|
| 页数: | 178页 | |
| 开本: | 19cm | |
| 丛书名: | ||
| 单 册: | ||
| 中图分类: | I234.7 | |
| 科图分类: | ||
| 主题词: | 话剧-剧本--中国--现代--选集 , 剧本-话剧--中国--现代--选集 | |
| 电子资源: | ||
| ISBN: | ||
| 000 | 00796nam0 2200253 45 | |
| 001 | 0182009097 | |
| 005 | 20060808144048.35 | |
| 010 | @dCNY0.40 | |
| 091 | @aCN@b10007.94 | |
| 100 | @a19950628d1982 em y0chiy0121 ea | |
| 101 | 0 | @achi |
| 102 | @aCN@b110000 | |
| 105 | @ay z 000by | |
| 200 | 10 | @a风向杜鹃吹来@Afeng xiang du juan chui lai@e工人话剧创作集@f中华全国总工会宣传部编 |
| 210 | @a北京@c工人出版社@d1982 | |
| 215 | @a178页@d19cm | |
| 517 | 1 | @a工人话剧创作集@Agong ren hua ju chuang zuo ji |
| 606 | @a话剧-剧本@y中国@z现代@x选集 | |
| 606 | @a剧本-话剧@y中国@z现代@x选集 | |
| 690 | @aI234.7@v3 | |
| 711 | 02 | @a中华全国总工会宣传部@Azhong hua quan guo zong gong hui xuan chuan bu@4编 |
| 801 | 2 | @aCN@bNLC@c20060808 |
| 801 | 0 | @aCN@bTSSF@c20060805 |
| 905 | @a10447@dI234.7@e139 | |
| 风向杜鹃吹来:工人话剧创作集/中华全国总工会宣传部编.-北京:工人出版社,1982 |
| 178页;19cm |
| ISBN :CNY0.40 |
| ● |
| 相关链接 |
|
|
|
|
正题名:风向杜鹃吹来
索取号:I234.7/139
 
预约/预借
| 序号 | 登录号 | 条形码 | 馆藏地/架位号 | 状态 | 备注 |
| 1 | 0443480 | 204434807 | 密集书库/ [索取号:I234.7/139] | 在馆 | |
| 2 | 0449692 | 204496928 | 密集书库/ [索取号:I234.7/139] | 在馆 | |
| 3 | 0450460 | 204504606 | 密集书库/ [索取号:I234.7/139] | 在馆 |